MARC details
| 000 -CABECERA |
| campo de control de longitud fija |
03003nam a2200433 a 4500 |
| 003 - IDENTIFICADOR DEL NÚMERO DE CONTROL |
| campo de control |
CHAP |
| 005 - FECHA Y HORA DE LA ÚLTIMA TRANSACCIÓN |
| campo de control |
20241122091343.0 |
| 007 - CAMPO FIJO DE DESCRIPCIÓN FÍSICA--INFORMACIÓN GENERAL |
| campo de control de longitud fija |
cr ||||||a|c|a |
| 008 - DATOS DE LONGITUD FIJA--INFORMACIÓN GENERAL |
| campo de control de longitud fija |
110113s2010 mx r 00010 spa d |
| 035 ## - NÚMERO DE CONTROL DEL SISTEMA |
| Número de control de sistema |
111891 |
| 040 ## - FUENTE DE LA CATALOGACIÓN |
| Centro/agencia transcriptor |
CHAP |
| 090 ## - LOCALMENTE ASIGNADO TIPO-LC NÚMERO DE CLASIFICACIÓN (OCLC); NÚMERO DE CLASIFICACIÓN LOCAL (RLIN) |
| Número de clasificación (OCLC) (R) ; Numero de clasificación, CALL (RLIN) (NR) |
Tesis |
| 100 1# - ENTRADA PRINCIPAL--NOMBRE DE PERSONA |
| Nombre de persona |
González García, Ivan. |
| 9 (RLIN) |
48929 |
| 245 10 - MENCIÓN DE TÍTULO |
| Título |
Parámetros de funcionamiento de sensores en sistemas fuel injection |
| Mención de responsabilidad, etc. |
/por Ivan González García; director Francisco Muñoz Gómez |
| 264 #1 - PRODUCCIÓN, PUBLICACIÓN, DISTRIBUCIÓN, FABRICACIÓN Y COPYRIGHT |
| Producción, publicación, distribución, fabricación y copyright |
Chapingo, Méx. : |
| Nombre del de productor, editor, distribuidor, fabricante |
El autor, |
| Fecha de producción, publicación, distribución, fabricación o copyright |
2010. |
| 300 ## - DESCRIPCIÓN FÍSICA |
| Extensión |
1 recurso en línea (132 páginas): |
| Otras características físicas |
cuadros, figuras. |
| 336 ## - TIPO DE CONTENIDO |
| Fuente |
rdacontent |
| Término de tipo de contenido |
texto |
| Código de tipo de contenido |
txt |
| 337 ## - TIPO DE MEDIO |
| Fuente |
rdamedia |
| Nombre/término del tipo de medio |
computadora |
| Código del tipo de medio |
c |
| 338 ## - TIPO DE SOPORTE |
| Fuente |
rdacarrier |
| Nombre/término del tipo de soporte |
recursos en línea |
| Código del tipo de soporte |
cr |
| 502 ## - NOTA DE TESIS |
| Tipo de título |
Ingeniería Mecánica Agrícola |
| Nombre de la institución que otorga el título |
Departamento de Ingeniería Mecánica Agrícola, |
| Año de obtención del título |
2010 |
| Información miscelánea |
Licenciatura |
| 520 ## - SUMARIO, ETC. |
| Sumario, etc. |
Se realizaron pruebas de funcionamiento a sensores de sistemas “Fuel Injection” a vehículos de diferentes marcas. Primeramente se reunió información sobre los sistemas de inyección y el funcionamiento de los sensores, así como los valores de referencia dados por los fabricantes. Las pruebas se efectuaron en vehículos de las marcas más importantes en el mercado nacional como Chevrolet, Nissan y Ford, en modelos populares como Nissan Tsuru y Ford F150. Para la realización de las pruebas se utilizó el escáner Genisys SPX OTC, así como conectores correspondientes a cada vehículo. Se realizaron pruebas a sensores de temperatura, presión, posición angular entre otros, para esto, se efectuó la conexión entre el scanner y el vehículo. El vehículo fue puesto en ignición o en marcha, dependiendo del sensor a medir. Para algunos casos fue necesario modificar el régimen de funcionamiento. Se obtuvo la curva característica de los sensores medidos y en algunos casos el voltaje mínimo y máximo de salida. El voltaje de salida de la mayoría de los sensores se registró entre 0 y 5 V, sin embargo, en el sensor de posición de la mariposa de Crysler Voyager el valor máximo fue 3.55 V. Los sensores son fundamentales para el óptimo funcionamiento del sistema de inyección, por lo que resulta de suma importancia conocer su comportamiento y comparar sus valores de salida con los valores de referencia y así saber si funcionan de forma adecuada. |
| 650 14 - PUNTO DE ACCESO ADICIONAL DE MATERIA--TÉRMINO DE MATERIA |
| Término de materia o nombre geográfico como elemento de entrada |
Máquinas neumáticas. |
| 9 (RLIN) |
76291 |
| 650 14 - PUNTO DE ACCESO ADICIONAL DE MATERIA--TÉRMINO DE MATERIA |
| Término de materia o nombre geográfico como elemento de entrada |
Sensores. |
| 9 (RLIN) |
104426 |
| 700 1# - PUNTO DE ACCESO ADICIONAL--NOMBRE DE PERSONA |
| Nombre de persona |
Muñoz Gómez, Francisco |
| 9 (RLIN) |
79600 |
| Término indicativo de función/relación |
Director de tesis |
| 856 ## - LOCALIZACIÓN Y ACCESO ELECTRÓNICOS |
| Identificador Uniforme del Recurso |
http://10.13.5.2/tesis/111891.pdf |
| Nota pública |
DESCARGAR PDF |
| 942 ## - ELEMENTOS DE PUNTO DE ACCESO ADICIONAL (KOHA) |
| Tipo de ítem Koha |
Tesis digital |
| Fuente del sistema de clasificación o colocación |
Clasificación Universidad Autónoma Chapingo |
| 590 ## - NOTA LOCAL (RLIN) |
| Nota local |
ALEPH |
| Procedencia (VM) [OBSOLETO] |
10 |
| Condición del los carretes individuales (VM) [OBSOLETO] |
20130110 |
| 590 ## - NOTA LOCAL (RLIN) |
| Nota local |
BATCH-UPD |
| Procedencia (VM) [OBSOLETO] |
10 |
| Condición del los carretes individuales (VM) [OBSOLETO] |
20130110 |
| 590 ## - NOTA LOCAL (RLIN) |
| Nota local |
BATCH-UPD |
| Procedencia (VM) [OBSOLETO] |
10 |
| Condición del los carretes individuales (VM) [OBSOLETO] |
20130410 |
| 590 ## - NOTA LOCAL (RLIN) |
| Nota local |
BATCH-UPD |
| Procedencia (VM) [OBSOLETO] |
10 |
| Condición del los carretes individuales (VM) [OBSOLETO] |
20130914 |
| 590 ## - NOTA LOCAL (RLIN) |
| Nota local |
BATCH-UPD |
| Procedencia (VM) [OBSOLETO] |
10 |
| Condición del los carretes individuales (VM) [OBSOLETO] |
20140324 |
| 590 ## - NOTA LOCAL (RLIN) |
| Nota local |
BATCH-UPD |
| Procedencia (VM) [OBSOLETO] |
10 |
| Condición del los carretes individuales (VM) [OBSOLETO] |
20141002 |
| 590 ## - NOTA LOCAL (RLIN) |
| Nota local |
CONVERSION |
| Procedencia (VM) [OBSOLETO] |
10 |
| Condición del los carretes individuales (VM) [OBSOLETO] |
20130109 |
| 901 ## - ELEMENTOS DE DATOS A LOCAL LDA (RLIN) |
| a |
BK |
| 949 ## - PROCESAMIENTO DE INFORMACIÓN LOCAL (OCLC) |
| b |
BC |
| c |
CD |
| d |
33724002227694 |
| e |
CD |
| g |
DonaciØn |
| h |
51796 |
| i |
111891 |
| s |
b |
| 949 ## - PROCESAMIENTO DE INFORMACIÓN LOCAL (OCLC) |
| b |
BC |
| c |
CD |
| d |
33724002227736 |
| e |
CD |
| f |
c.2 |
| g |
DonaciØn |
| h |
51797 |
| i |
111891 |
| s |
b |